Unusual Letter Combinations - Statistics

General Stats
  • This quiz has been taken 230 times
  • The average score is 6 of 15
Answer Stats
Letter Sequence Word that Contains it % Correct
JAZ jazz
84%
NGTHS lengths
84%
UEUE queue
83%
CUU vacuum
68%
WKW awkward
55%
UOIA sequoia
51%
AVV savvy
44%
OEIA onomatopoeia
36%
DII radii
34%
MTH warmth
27%
TCHPH catchphrase
26%
BLEBE bumblebee
22%
XII taxiing
14%
THWH worthwhile
11%
RIY teriyaki
6%
No matching quizzes found
Score Distribution
Percent of People with Each Score
Percentile by Number Answered
Your Score History
You have not taken this quiz